Jughrafey Key Ma'toob (Record no. 48831)

000 -LEADER
fixed length control field 00308nam a22001217a 4500
082 ## - DEWEY DECIMAL CLASSIFICATION NUMBER
Classification number 891.4391
245 ## - TITLE STATEMENT
Title Jughrafey Key Ma'toob
Statement of responsibility Anwer Sen Roy
260 ## - PUBLICATION, DISTRIBUTION, ETC. (IMPRINT)
Place of publication Karachi
Name of publisher Scheherzade
Year of publication 2016
300 ## - PHYSICAL DESCRIPTION
Number of Pages 421 Pages
Other physical details 22x14 cm
-- HB
650 ## - SUBJECT ADDED ENTRY--TOPICAL TERM
Topical Term Urdu Poetry
700 ## - ADDED ENTRY--PERSONAL NAME
Personal name Adaptations By Anwer Sen Roy
942 ## - ADDED ENTRY ELEMENTS (KOHA)
Koha item type Books
Holdings
Withdrawn status Lost status Collection code Permanent Location Current Location Shelving location Date acquired Source of acquisition Cost, normal purchase price Full call number Accession Number Koha item type
    Non-fiction Garrison Public Library Multan Garrison Public Library Multan General Stacks 2018-06-10 CRV/GPLM/Donation/50/2018 600.00 891.4391 A637J 2016 52872 Books

Copyright © 2018. Powered by GPL Web Admin